Statistics for Countries starting with B on the Clickable Empty Blue World Map

Click here to take the quiz!

General Stats

  • This quiz has been taken 276 times
  • The average score is 7 of 14

Answers on the Map

Answers color-coded by a green-red scale on the quiz's map according to % correct below.
Loading ...
 

Answer Stats

Answer% Correct
Brazil
75%
Bolivia
69%
Botswana
58%
Bahamas
56%
Benin
49%
Burkina Faso
49%
Belarus
47%
Bosnia And H.
46%
Belize
43%
Bhutan
42%
Bulgaria
42%
Belgium
41%
Bangladesh
40%
Burundi
29%

Score Distribution

Percentile by Number Answered

Percent of People with Each Score

Your Score History

You have not taken this quiz